000 02791nam0a2200361 4500
001 RU\NLR\BIBL_A\011574026
005 20260408080537.0
010 _a9785160131344
_bИНФРА-М
010 _a978-5-7638-3311-9
_bСФУ
021 _aRU
_b2017-92151
_96600
035 _a(RuMoRGB)009471008
035 _a(NLR Aleph) 011574026
090 _a10812346
_c10812346
100 _a20171225d2018 u y0rusy50 ca
101 0 _arus
102 _aRU
105 _aa j 000zy
200 1 _aЭкологические свойства автомобильных эксплуатационных материалов
_eучебное пособие
_eдля студентов вузов, обучающихся по направлениям подготовки бакалавров "Технология транспортных процессов" (профиль подготовки: "Организация перевозок и управление на автомобильном транспорте") и "Эксплуатация транспортно-технологических машин и комплексов" (профили подготовки: "Автомобили и автомобильное хозяйство", "Автомобильный сервис", "Сервис транспортных и транспортно-технологических машин и оборудования (Нефте-продуктообеспечение и газоснабжение)", "Сервис транспортных и транспортно-технологических машин и оборудования (Трубопроводный транспорт нефти и газа)")
_fСибирский федеральный университет
_g[А. И. Грушевский и др.]
210 _aМосква
_cИнфра-М
_aКрасноярск
_cСФУ
_d2018 [т.е. 2017]
215 _a216 с.
_cтабл.
_d22
225 1 _aВысшее образование - Бакалавриат
225 1 _aБакалавриат
300 _aАвт. указаны на обл.
320 _aБиблиогр.: с. 206-210 (67 назв.)
606 1 _aАвтомобильные материалы эксплуатационные
_jУчебные издания для высших учебных заведений
_xЭкологические свойства
_92488240
_3RU\NLR\AUTH\661476601
686 1 _aО33-082-3я73-1
702 1 _aГрушевский
_bА. И.
_gАлексей Иванович
_4220
712 0 2 _aСибирский федеральный университет
_cКрасноярск
_9693232
_3RU\NLR\AUTH\8810095991
942 _cBOOK
980 _aNBR